[Event "3. Open Distrito Chamartín 2014"]
[Site "Madrid ESP"]
[Date "2014.09.12"]
[Round "8.2"]
[White "Semprun Martinez, Fernando"]
[Black "Roa Alonso, Santiago"]
[Result "1-0"]
[WhiteElo "2181"]
[BlackElo "2397"]
[PlyCount "107"]
[EventDate "2014.09.07"]
[EventType "swiss"]
[EventRounds "9"]
[EventCountry "ESP"]
[SourceTitle "Ajedrez en Madrid"]
[Source "lmi"]
[SourceDate "2014.09.07"]
[SourceVersion "1"]
[SourceVersionDate "2015.07.30"]
[SourceQuality "1"]

1. e4 e5 2. Nf3 Nc6 3. d4 exd4 4. Nxd4 Bc5 5. Nb3 Bb4+ 6. c3 Be7 7. f4 d6 8.
N1d2 Nf6 9. Bd3 O-O 10. O-O Re8 11. Qc2 Bf8 12. Nf3 g6 13. Bd2 Bg7 14. Rae1 a6
15. a4 Bd7 16. Nbd4 Nxd4 17. cxd4 d5 18. e5 Ne4 19. Rxe4 dxe4 20. Bxe4 Bc6 21.
Bxc6 bxc6 22. Qxc6 Re6 23. Qc4 c6 24. Ng5 Re7 25. Bb4 Rd7 26. Bd6 Raa7 27. Qxc6
Rxd6 28. Qxd6 Qxd6 29. exd6 Bxd4+ 30. Kh1 Rd7 31. Rd1 Rxd6 32. g3 Bc5 33. Rxd6
Bxd6 34. Ne4 Be7 35. Kg2 h6 36. Kf3 f5 37. Nc3 Kf7 38. Ke3 Ke6 39. Kd3 g5 40.
Ne2 Bd6 41. Kc4 gxf4 42. Nxf4+ Ke5 43. b4 Ke4 44. b5 axb5+ 45. axb5 Kf3 46. Kd5
Bb8 47. Ke6 Kg4 48. b6 Kg5 49. Nd5 h5 50. Ne3 f4 51. h4+ Kg6 52. gxf4 Bxf4 53.
Nf5 Bb8 54. Ne7+ 1-0

[Event "3. Open Distrito Chamartín 2014"]
[Site "Madrid ESP"]
[Date "2014.09.12"]
[Round "8.3"]
[White "Barria Zuniga, Daniel"]
[Black "Hernando Pertierra, Jose C"]
[Result "1/2-1/2"]
[WhiteElo "2427"]
[BlackElo "2379"]
[PlyCount "30"]
[EventDate "2014.09.07"]
[EventType "swiss"]
[EventRounds "9"]
[EventCountry "ESP"]
[SourceTitle "Ajedrez en Madrid"]
[Source "lmi"]
[SourceDate "2014.09.07"]
[SourceVersion "1"]
[SourceVersionDate "2015.07.30"]
[SourceQuality "1"]

1. d4 Nf6 2. c4 e6 3. Nf3 Bb4+ 4. Nbd2 d5 5. e3 O-O 6. a3 Be7 7. Be2 a5 8. b3
c5 9. Bb2 Nc6 10. O-O b6 11. Qc2 Bb7 12. Rfd1 Rc8 13. dxc5 Bxc5 14. Bc3 Qe7 15.
Qb2 Qd8 1/2-1/2

[Event "3. Open Distrito Chamartín 2014"]
[Site "Madrid ESP"]
[Date "2014.09.12"]
[Round "8.4"]
[White "Plazuelo Pascual, Juan"]
[Black "Fernandez Lledo, Javier"]
[Result "1/2-1/2"]
[WhiteElo "1995"]
[BlackElo "2251"]
[PlyCount "26"]
[EventDate "2014.09.07"]
[EventType "swiss"]
[EventRounds "9"]
[EventCountry "ESP"]
[SourceTitle "Ajedrez en Madrid"]
[Source "lmi"]
[SourceDate "2014.09.07"]
[SourceVersion "1"]
[SourceVersionDate "2015.07.30"]
[SourceQuality "1"]

1. d4 Nf6 2. c4 g6 3. Nf3 Bg7 4. g3 O-O 5. Bg2 d6 6. O-O Nc6 7. Nc3 a6 8. Bf4
Rb8 9. Rc1 Bd7 10. Qd2 b5 11. Nd5 Nxd5 12. cxd5 Na7 13. Bh6 c6 1/2-1/2

[Event "3. Open Distrito Chamartín 2014"]
[Site "Madrid ESP"]
[Date "2014.09.12"]
[Round "8.5"]
[White "Molina Garcia, Francisco J"]
[Black "Elissalt Cardenas, Hector"]
[Result "0-1"]
[WhiteElo "1901"]
[BlackElo "2334"]
[PlyCount "78"]
[EventDate "2014.09.07"]
[EventType "swiss"]
[EventRounds "9"]
[EventCountry "ESP"]
[SourceTitle "Ajedrez en Madrid"]
[Source "lmi"]
[SourceDate "2014.09.07"]
[SourceVersion "1"]
[SourceVersionDate "2015.07.30"]
[SourceQuality "1"]

1. d4 Nf6 2. c4 c5 3. d5 e6 4. Nc3 exd5 5. cxd5 d6 6. e4 a6 7. a4 Nbd7 8. Bd3
g6 9. Nf3 Bg7 10. O-O O-O 11. h3 Nh5 12. Bg5 Bf6 13. Be3 Bg7 14. Nd2 Qh4 15.
Nc4 Ne5 16. Nxd6 Bxh3 17. gxh3 Qxh3 18. Be2 Ng3 19. fxg3 Qxg3+ 20. Kh1 Qh3+ 21.
Kg1 Qxe3+ 22. Rf2 Rad8 23. Nxb7 Rd7 24. Na5 f5 25. Qc1 Qg3+ 26. Rg2 Nf3+ 27.
Bxf3 Bd4+ 28. Kh1 Qh3+ 29. Rh2 Qxf3+ 30. Rg2 fxe4 31. Nc6 Rdf7 32. Nxd4 cxd4
33. Ne2 e3 34. Nxd4 Qh3+ 35. Kg1 Rf2 36. Qf1 Rxf1+ 37. Rxf1 Rxf1+ 38. Kxf1 Qh1+
39. Rg1 Qxd5 0-1

[Event "3. Open Distrito Chamartín 2014"]
[Site "Madrid ESP"]
[Date "2014.09.12"]
[Round "8.6"]
[White "Nieto De La Cruz, Julio"]
[Black "Abul, Qasem"]
[Result "0-1"]
[WhiteElo "2179"]
[BlackElo "1994"]
[PlyCount "64"]
[EventDate "2014.09.07"]
[EventType "swiss"]
[EventRounds "9"]
[EventCountry "ESP"]
[SourceTitle "Ajedrez en Madrid"]
[Source "lmi"]
[SourceDate "2014.09.07"]
[SourceVersion "1"]
[SourceVersionDate "2015.07.30"]
[SourceQuality "1"]

1. d4 g6 2. c4 Bg7 3. Nc3 d6 4. e4 Nc6 5. Be3 e5 6. Nge2 Nf6 7. d5 Ne7 8. f3
Nd7 9. Nb5 a6 10. Nbc3 O-O 11. b4 b6 12. Rc1 f5 13. c5 Rf7 14. Na4 Bf8 15. Qc2
dxc5 16. bxc5 b5 17. Nb2 f4 18. Bd2 Nxd5 19. exd5 Nxc5 20. Bb4 Bf5 21. Qd2 Rd7
22. Nc3 Nb3 23. axb3 Bxb4 24. g4 fxg3 25. hxg3 Rxd5 26. Qh6 Qe7 27. Bh3 e4 28.
O-O Qc5+ 29. Kh2 Bxc3 30. fxe4 Bxh3 31. exd5 Bxf1 32. Nd1 Qxd5 0-1

[Event "3. Open Distrito Chamartín 2014"]
[Site "Madrid ESP"]
[Date "2014.09.12"]
[Round "8.7"]
[White "Barez Menendez, Hector"]
[Black "Pinel Mirasierra, Jose Pablo"]
[Result "0-1"]
[WhiteElo "2163"]
[BlackElo "1963"]
[PlyCount "78"]
[EventDate "2014.09.07"]
[EventType "swiss"]
[EventRounds "9"]
[EventCountry "ESP"]
[SourceTitle "Ajedrez en Madrid"]
[Source "lmi"]
[SourceDate "2014.09.07"]
[SourceVersion "1"]
[SourceVersionDate "2015.07.30"]
[SourceQuality "1"]

1. d4 d5 2. c4 e6 3. Nf3 Nf6 4. Nc3 Nbd7 5. cxd5 Nxd5 6. e4 Nxc3 7. bxc3 Be7 8.
Bd3 c5 9. O-O cxd4 10. cxd4 O-O 11. Bf4 Nb6 12. a4 Bd7 13. a5 Nc8 14. Qc2 g6
15. Bc7 Qe8 16. Qb3 Nd6 17. Bxd6 Bxd6 18. Qxb7 Bc6 19. Qa6 Qd7 20. Rab1 Rab8
21. h3 Rfd8 22. Rfc1 Rxb1 23. Rxb1 Rc8 24. Rc1 Bb7 25. Rxc8+ Bxc8 26. Qc4 a6
27. d5 exd5 28. exd5 Qc7 29. Nd2 Bb7 30. Nb3 Qe7 31. Qe4 Qg5 32. Bc4 Kg7 33. h4
Qf6 34. Qd4 Be5 35. Qe3 Qd6 36. Qc5 Qf6 37. Qb6 Qxh4 38. Nd2 Bd4 39. Qxb7 Qxf2+
0-1

[Event "3. Open Distrito Chamartín 2014"]
[Site "Madrid ESP"]
[Date "2014.09.12"]
[Round "8.8"]
[White "Gonzalez Aguirre, Luis"]
[Black "Aziz Ortego, Omar Luis"]
[Result "1/2-1/2"]
[WhiteElo "2089"]
[BlackElo "2094"]
[PlyCount "127"]
[EventDate "2014.09.07"]
[EventType "swiss"]
[EventRounds "9"]
[EventCountry "ESP"]
[SourceTitle "Ajedrez en Madrid"]
[Source "lmi"]
[SourceDate "2014.09.07"]
[SourceVersion "1"]
[SourceVersionDate "2015.07.30"]
[SourceQuality "1"]

1. Nf3 d5 2. d4 e6 3. c4 Nf6 4. Nc3 Be7 5. Bg5 O-O 6. Qc2 Nbd7 7. cxd5 exd5 8.
e3 c6 9. Bd3 Re8 10. O-O h6 11. Bf4 Nf8 12. h3 Bd6 13. Ne5 c5 14. Nb5 c4 15.
Nxd6 cxd3 16. Nxd3 Re6 17. Nxc8 Rxc8 18. Qe2 Rec6 19. Rfc1 Ne6 20. Be5 Ne4 21.
Rxc6 Rxc6 22. Rc1 Qc8 23. Rxc6 Qxc6 24. f3 f6 25. Bh2 N4g5 26. Qd2 Kf7 27. Bg3
Ke8 28. Kh2 Nf7 29. Nb4 Qb5 30. a3 a5 31. Nd3 Nfd8 32. Qc2 b6 33. h4 Qc4 34.
Qb1 Kd7 35. b3 Qc3 36. Be1 Qc7+ 37. Kg1 Nb7 38. Qc1 Qc6 39. Qxc6+ Kxc6 40. Kf1
Nd6 41. Ke2 h5 42. a4 Nb7 43. Bg3 b5 44. Nf4 Nxf4+ 45. Bxf4 Nd8 46. Kd3 bxa4
47. bxa4 Kd7 48. e4 Ke6 49. Bd2 Nc6 50. exd5+ Kxd5 51. Bc3 g5 52. g3 gxh4 53.
gxh4 f5 54. Ke3 Kc4 55. Ba1 Nb4 56. Kf4 Nc2 57. Bb2 Kb3 58. Bc1 Nxd4 59. Be3
Nc2 60. Bc5 Kxa4 61. Kxf5 Kb5 62. Bf8 a4 63. Kg5 Nd4 64. Kxh5 1/2-1/2

[Event "3. Open Distrito Chamartín 2014"]
[Site "Madrid ESP"]
[Date "2014.09.12"]
[Round "8.9"]
[White "Madurga Lopez, Ignacio"]
[Black "Perez Cameselle, Francisco"]
[Result "1-0"]
[WhiteElo "2089"]
[BlackElo "1902"]
[PlyCount "107"]
[EventDate "2014.09.07"]
[EventType "swiss"]
[EventRounds "9"]
[EventCountry "ESP"]
[SourceTitle "Ajedrez en Madrid"]
[Source "lmi"]
[SourceDate "2014.09.07"]
[SourceVersion "1"]
[SourceVersionDate "2015.07.30"]
[SourceQuality "1"]

1. e4 c5 2. d4 cxd4 3. c3 d3 4. Bxd3 d6 5. Nf3 g6 6. O-O Bg7 7. Bc4 Nc6 8. Qe2
Nf6 9. Rd1 Qc7 10. h3 O-O 11. Bf4 Nd7 12. Nbd2 Nde5 13. Bb3 a5 14. Nxe5 Nxe5
15. Nf3 Nxf3+ 16. Qxf3 a4 17. Bc2 a3 18. bxa3 Qxc3 19. Qxc3 Bxc3 20. Rab1 Bf6
21. a4 Be6 22. Bb3 Bxb3 23. axb3 b5 24. axb5 Rfb8 25. Rd5 Ra5 26. e5 Bxe5 27.
Bxe5 dxe5 28. Rxe5 Raxb5 29. Rxb5 Rxb5 30. Kf1 Kf8 31. Ke2 Ke8 32. Rb2 e5 33.
Kd3 Kd7 34. Kc4 Kc6 35. b4 f5 36. Ra2 Rb7 37. Ra6+ Kd7 38. Ra2 e4 39. b5 Ke6
40. Kc5 Rc7+ 41. Kb6 Rc1 42. Ka7 Rb1 43. b6 Ke5 44. b7 f4 45. b8=Q+ Rxb8 46.
Kxb8 e3 47. fxe3 fxe3 48. Kc8 Ke4 49. Ra7 e2 50. Rxh7 Kd3 51. Re7 Kd2 52. h4
e1=Q 53. Rxe1 Kxe1 54. g4 1-0

[Event "3. Open Distrito Chamartín 2014"]
[Site "Madrid ESP"]
[Date "2014.09.12"]
[Round "8.10"]
[White "Lisarri Tomas, Antonio"]
[Black "Lopez Heras, Arturo"]
[Result "1-0"]
[WhiteElo "2033"]
[BlackElo "1879"]
[PlyCount "51"]
[EventDate "2014.09.07"]
[EventType "swiss"]
[EventRounds "9"]
[EventCountry "ESP"]
[SourceTitle "Ajedrez en Madrid"]
[Source "lmi"]
[SourceDate "2014.09.07"]
[SourceVersion "1"]
[SourceVersionDate "2015.07.30"]
[SourceQuality "1"]

1. d4 Nf6 2. c4 g6 3. Nc3 Bg7 4. e4 d6 5. f3 O-O 6. Be3 e5 7. Nge2 Nc6 8. d5
Ne7 9. Qd2 Ne8 10. g4 f5 11. gxf5 gxf5 12. Bg5 f4 13. Nc1 c6 14. Nd3 Nf6 15.
dxc6 bxc6 16. O-O-O Be6 17. c5 Ng6 18. h4 h5 19. Nb4 dxc5 20. Qxd8 Raxd8 21.
Rxd8 Rxd8 22. Nxc6 Rd7 23. Rg1 Kf7 24. Bb5 Rc7 25. Nd8+ Ke7 26. Bxf6+ 1-0

[Event "3. Open Distrito Chamartín 2014"]
[Site "Madrid ESP"]
[Date "2014.09.12"]
[Round "8.11"]
[White "Beyerholm, Arne"]
[Black "Lopez Munoz, Pedro"]
[Result "1-0"]
[WhiteElo "2024"]
[BlackElo "1697"]
[PlyCount "35"]
[EventDate "2014.09.07"]
[EventType "swiss"]
[EventRounds "9"]
[EventCountry "ESP"]
[SourceTitle "Ajedrez en Madrid"]
[Source "lmi"]
[SourceDate "2014.09.07"]
[SourceVersion "1"]
[SourceVersionDate "2015.07.30"]
[SourceQuality "1"]

1. d4 Nf6 2. c4 c5 3. d5 b5 4. cxb5 a6 5. f3 d6 6. e4 g6 7. Na3 Bg7 8. Ne2 axb5
9. Nxb5 O-O 10. Nec3 Nbd7 11. Be2 Ba6 12. a4 Nb6 13. O-O Bxb5 14. Bxb5 Nbd7 15.
Be3 Qc7 16. Qe2 Ra7 17. h3 Rfa8 18. Bc6 1-0

[Event "3. Open Distrito Chamartín 2014"]
[Site "Madrid ESP"]
[Date "2014.09.12"]
[Round "8.14"]
[White "Alonso Aranzabal, Inigo"]
[Black "Camarero Izquierdo, Juan Carlo"]
[Result "1-0"]
[WhiteElo "1960"]
[BlackElo "1836"]
[PlyCount "93"]
[EventDate "2014.09.07"]
[EventType "swiss"]
[EventRounds "9"]
[EventCountry "ESP"]
[SourceTitle "Ajedrez en Madrid"]
[Source "lmi"]
[SourceDate "2014.09.07"]
[SourceVersion "1"]
[SourceVersionDate "2015.07.30"]
[SourceQuality "1"]

1. e4 c5 2. c3 Nf6 3. e5 Nd5 4. d4 e6 5. Nf3 cxd4 6. cxd4 d6 7. Bc4 Ne7 8. Qe2
Nbc6 9. O-O a6 10. Nc3 b5 11. Bd3 Ng6 12. Bg5 Qb6 13. Bxg6 hxg6 14. exd6 Bxd6
15. Rfd1 Qc7 16. h3 f6 17. d5 fxg5 18. dxc6 g4 19. Nd5 Qxc6 20. Rac1 gxf3 21.
Qe4 Qb7 22. Qxg6+ Qf7 23. Qxf7+ Kxf7 24. Nb6 Bf4 25. Nxa8 Bxc1 26. Rxc1 e5 27.
Rc7+ Kf6 28. Nb6 Be6 29. Rc6 Kf5 30. g4+ Kf6 31. Nd7+ Ke7 32. Nxe5 Rxh3 33.
Ng6+ Kf7 34. Rxe6 Kxe6 35. Nf4+ Ke5 36. Nxh3 Kd4 37. Nf4 a5 38. Ne6+ Kd3 39.
Nxg7 Kc2 40. Nf5 Kxb2 41. g5 Kxa2 42. g6 b4 43. Nd4 a4 44. g7 b3 45. g8=Q Kb2
46. Qc4 Ka3 47. Qb5 1-0

[Event "3. Open Distrito Chamartín 2014"]
[Site "Madrid ESP"]
[Date "2014.09.12"]
[Round "8.15"]
[White "Bento Iglesias, Pablo"]
[Black "Alvarez Serrano, Carlos"]
[Result "1-0"]
[WhiteElo "1660"]
[BlackElo "1936"]
[PlyCount "78"]
[EventDate "2014.09.07"]
[EventType "swiss"]
[EventRounds "9"]
[EventCountry "ESP"]
[SourceTitle "Ajedrez en Madrid"]
[Source "lmi"]
[SourceDate "2014.09.07"]
[SourceVersion "1"]
[SourceVersionDate "2015.07.30"]
[SourceQuality "1"]

1. e4 c5 2. c3 e6 3. d4 d5 4. exd5 Qxd5 5. Nf3 cxd4 6. cxd4 Nf6 7. Nc3 Bb4 8.
a3 Bxc3+ 9. bxc3 Nc6 10. Bd3 O-O 11. c4 Qh5 12. Bb2 Qa5+ 13. Kf1 Rd8 14. Qc2
Ne7 15. Ne5 Ng6 16. Nxg6 hxg6 17. Re1 Bd7 18. Re5 Qc7 19. f3 Rac8 20. Qd2 Bc6
21. Kf2 b6 22. h4 a5 23. Rh3 Ba4 24. g4 b5 25. cxb5 Bc2 26. Rc5 Qxc5 27. dxc5
Bxd3 28. Bxf6 gxf6 29. Qxa5 Rd5 30. h5 Rdxc5 31. hxg6 fxg6 32. Qa7 R8c7 33.
Qb8+ Rc8 34. Qd6 Bc4 35. Qe7 R5c7 36. Qxf6 Rg7 37. b6 Rf8 38. Qe5 Bd5 39. a4
Ra8 1-0

[Event "3. Open Distrito Chamartín 2014"]
[Site "Madrid ESP"]
[Date "2014.09.13"]
[Round "9.1"]
[White "Semprun Martinez, Fernando"]
[Black "Perez Mitjans, Orelvis"]
[Result "1/2-1/2"]
[WhiteElo "2181"]
[BlackElo "2440"]
[PlyCount "65"]
[EventDate "2014.09.07"]
[EventType "swiss"]
[EventRounds "9"]
[EventCountry "ESP"]
[SourceTitle "Ajedrez en Madrid"]
[Source "lmi"]
[SourceDate "2014.09.07"]
[SourceVersion "1"]
[SourceVersionDate "2015.07.30"]
[SourceQuality "1"]

1. e4 e6 2. d4 d5 3. Nc3 Nf6 4. e5 Nfd7 5. f4 c5 6. Nf3 Qb6 7. Na4 Qa5+ 8. c3
cxd4 9. b4 Qc7 10. Nxd4 a6 11. Qd3 Nc6 12. Be3 g5 13. fxg5 Ncxe5 14. Qd2 Ng4
15. Be2 Nxe3 16. Qxe3 Qe5 17. Qxe5 Nxe5 18. Nb6 Rb8 19. O-O Be7 20. Nf3 Ng6 21.
g3 Bd8 22. Nxc8 Rxc8 23. Rac1 O-O 24. h4 Bc7 25. Kg2 Ne5 26. Nxe5 Bxe5 27. c4
dxc4 28. Rxc4 Rxc4 29. Bxc4 Rd8 30. b5 Rd4 31. Bb3 a5 32. a4 b6 33. Rf3 1/2-1/2

[Event "3. Open Distrito Chamartín 2014"]
[Site "Madrid ESP"]
[Date "2014.09.13"]
[Round "9.2"]
[White "Pinel Mirasierra, Jose Pablo"]
[Black "Barria Zuniga, Daniel"]
[Result "1/2-1/2"]
[WhiteElo "1963"]
[BlackElo "2427"]
[PlyCount "175"]
[EventDate "2014.09.07"]
[EventType "swiss"]
[EventRounds "9"]
[EventCountry "ESP"]
[SourceTitle "Ajedrez en Madrid"]
[Source "lmi"]
[SourceDate "2014.09.07"]
[SourceVersion "1"]
[SourceVersionDate "2015.07.30"]
[SourceQuality "1"]

1. d4 g6 2. c4 Bg7 3. Nc3 c5 4. Nf3 cxd4 5. Nxd4 Nc6 6. Nc2 Bxc3+ 7. bxc3 Qa5
8. Bd2 Nf6 9. f3 d6 10. e4 Nd7 11. Be2 O-O 12. O-O b6 13. Bh6 Re8 14. Nd4 Bb7
15. Nxc6 Bxc6 16. Qd4 f6 17. Be3 Qe5 18. Bd1 Rac8 19. Bb3 Nc5 20. Qxe5 fxe5 21.
Bxc5 bxc5 22. Bc2 Rb8 23. Rab1 Rb6 24. Rxb6 axb6 25. Rb1 Ra8 26. Rb2 Ra3 27.
Bb3 Kg7 28. Kf2 Be8 29. Ke2 Bf7 30. Kd3 Kf6 31. Rb1 g5 32. h3 h5 33. Rb2 Be6
34. Rb1 Kf7 35. Kd2 Ke8 36. Kc1 Kd7 37. Kb2 Ra8 38. Rf1 Rf8 39. Kc2 Kc6 40.
Ba4+ Kc7 41. Kd3 Ra8 42. Bb3 Bc8 43. Rf2 Bd7 44. Rb2 Bc6 45. Rb1 Rf8 46. Ke3
Ra8 47. Kd3 Bd7 48. Ke3 Be6 49. Kd3 Rg8 50. Ke3 Kb7 51. Rh1 Ka6 52. Kd3 Ka5 53.
Rb1 Rb8 54. a4 Bd7 55. Ra1 Ka6 56. Ra2 Ra8 57. Kc2 g4 58. hxg4 hxg4 59. Ra1 Rh8
60. Kd3 Rh2 61. Rg1 g3 62. Ke3 Kb7 63. f4 Bg4 64. fxe5 dxe5 65. Bd1 Bxd1 66.
Rxd1 Rxg2 67. Rd7+ Kc6 68. Rxe7 Rc2 69. Kd3 g2 70. Rg7 Ra2 71. Ke3 Kd6 72. Rg6+
Kc7 73. Rg7+ Kd6 74. Kd3 Ke6 75. Rg6+ Kf7 76. Rg5 Kf6 77. Rg8 Ke7 78. Rg7+ Kd8
79. Rg8+ Kc7 80. Rg6 Kb7 81. Rg8 Ka6 82. Ra8+ Kb7 83. Rg8 Rb2 84. Ke3 Rc2 85.
Kd3 Ra2 86. Rg7+ Ka6 87. Rg8 Kb7 88. Rg7+ 1/2-1/2

[Event "3. Open Distrito Chamartín 2014"]
[Site "Madrid ESP"]
[Date "2014.09.13"]
[Round "9.3"]
[White "Roa Alonso, Santiago"]
[Black "Fernandez Lledo, Javier"]
[Result "1-0"]
[WhiteElo "2397"]
[BlackElo "2251"]
[PlyCount "101"]
[EventDate "2014.09.07"]
[EventType "swiss"]
[EventRounds "9"]
[EventCountry "ESP"]
[SourceTitle "Ajedrez en Madrid"]
[Source "lmi"]
[SourceDate "2014.09.07"]
[SourceVersion "1"]
[SourceVersionDate "2015.07.30"]
[SourceQuality "1"]

1. e4 d6 2. d4 Nf6 3. Nc3 e5 4. Nge2 Be7 5. g3 c6 6. Bg2 O-O 7. O-O Nbd7 8. h3
Re8 9. Be3 Qc7 10. a4 a5 11. d5 Nf8 12. Qd3 Ng6 13. Rfd1 Bd7 14. Qc4 Rec8 15.
Qd3 Re8 16. Bg5 Nxd5 17. exd5 Bxg5 18. dxc6 Bxc6 19. Qxd6 Qxd6 20. Rxd6 Bxg2
21. Kxg2 Rec8 22. Rb6 Rc7 23. Rd1 Bd8 24. Rb5 f6 25. Rd2 Kf8 26. Nc1 Ne7 27.
Nb3 Ke8 28. Nc5 Rc6 29. Nxb7 Bb6 30. Nd5 Ra7 31. Rxb6 Rxb6 32. Nxb6 Rxb7 33.
Nc4 Ra7 34. Nd6+ Kf8 35. Nc8 Rc7 36. Nxe7 Kxe7 37. b3 Rc3 38. Rd5 Rxc2 39. Rxa5
e4 40. Kf1 Ke6 41. h4 g6 42. Rb5 Ra2 43. a5 Kd7 44. b4 Kc7 45. h5 gxh5 46. Rxh5
Kc6 47. b5+ Kd6 48. a6 Rb2 49. a7 Ra2 50. Rxh7 Kc5 51. Rb7 1-0

[Event "3. Open Distrito Chamartín 2014"]
[Site "Madrid ESP"]
[Date "2014.09.13"]
[Round "9.4"]
[White "Hernando Pertierra, Jose C"]
[Black "Plazuelo Pascual, Juan"]
[Result "1/2-1/2"]
[WhiteElo "2379"]
[BlackElo "1995"]
[PlyCount "106"]
[EventDate "2014.09.07"]
[EventType "swiss"]
[EventRounds "9"]
[EventCountry "ESP"]
[SourceTitle "Ajedrez en Madrid"]
[Source "lmi"]
[SourceDate "2014.09.07"]
[SourceVersion "1"]
[SourceVersionDate "2015.07.30"]
[SourceQuality "1"]

1. Nf3 d5 2. c4 d4 3. g3 Nc6 4. d3 e5 5. Bg2 Bb4+ 6. Nbd2 a5 7. O-O Nf6 8. a3
Bd6 9. b3 O-O 10. Ne4 Nxe4 11. dxe4 Ne7 12. Ne1 c5 13. Nd3 Nc6 14. a4 b6 15. f4
f6 16. Bd2 Be6 17. f5 Bd7 18. Qe1 g5 19. h4 h6 20. Kf2 Kf7 21. Bf3 Ke7 22. Rh1
Rh8 23. Rh2 Qf8 24. Qf1 Qg7 25. Qh3 Rag8 26. g4 Nd8 27. Rah1 Nf7 28. Qf1 Bc6
29. Qb1 Qf8 30. hxg5 hxg5 31. Kg2 Rxh2+ 32. Rxh2 Rh8 33. Qh1 Rxh2+ 34. Qxh2 Qh8
35. Qh5 Qxh5 36. gxh5 Kf8 37. Nf2 Kg7 38. Kg3 Bc7 39. Bc1 Nd6 40. Kg2 Bd8 41.
Kf1 Be8 42. e3 Bf7 43. exd4 exd4 44. Ke2 Be8 45. Kd3 Nf7 46. Ng4 Ne5+ 47. Nxe5
fxe5 48. Bg4 Kh6 49. Ke2 Bxh5 50. Kf3 Bxg4+ 51. Kxg4 Bf6 52. Bd2 Kg7 53. Kh5
Kh7 1/2-1/2

[Event "3. Open Distrito Chamartín 2014"]
[Site "Madrid ESP"]
[Date "2014.09.13"]
[Round "9.5"]
[White "Elissalt Cardenas, Hector"]
[Black "Abul, Qasem"]
[Result "1-0"]
[WhiteElo "2334"]
[BlackElo "1994"]
[PlyCount "74"]
[EventDate "2014.09.07"]
[EventType "swiss"]
[EventRounds "9"]
[EventCountry "ESP"]
[SourceTitle "Ajedrez en Madrid"]
[Source "lmi"]
[SourceDate "2014.09.07"]
[SourceVersion "1"]
[SourceVersionDate "2015.07.30"]
[SourceQuality "1"]

1. c4 g6 2. Nc3 Bg7 3. g3 Nf6 4. Bg2 O-O 5. e4 d6 6. h3 e5 7. Nge2 Nc6 8. d3
Nd7 9. Be3 Nc5 10. O-O Ne6 11. Kh2 Kh8 12. f4 Ned4 13. Qd2 exf4 14. gxf4 f5 15.
Rac1 Re8 16. b4 Qe7 17. Nxd4 Nxd4 18. Qf2 c5 19. bxc5 dxc5 20. Nd5 Qd8 21. e5
g5 22. Bxd4 cxd4 23. Qxd4 gxf4 24. Rce1 Bh6 25. Qf2 Bg5 26. Nxf4 Bxf4+ 27. Qxf4
Qxd3 28. e6 Bxe6 29. Qe5+ Kg8 30. Rf3 Qd7 31. Rg3+ Kf8 32. Qh8+ Ke7 33. Rg7+
Kf6 34. Rg8+ Ke7 35. Qg7+ Kd8 36. Qf6+ Kc7 37. Rg7 Bf7 1-0

[Event "3. Open Distrito Chamartín 2014"]
[Site "Madrid ESP"]
[Date "2014.09.13"]
[Round "9.6"]
[White "Renteria, Jorge"]
[Black "Alonso Aranzabal, Inigo"]
[Result "1/2-1/2"]
[WhiteElo "2313"]
[BlackElo "1960"]
[PlyCount "93"]
[EventDate "2014.09.07"]
[EventType "swiss"]
[EventRounds "9"]
[EventCountry "ESP"]
[SourceTitle "Ajedrez en Madrid"]
[Source "lmi"]
[SourceDate "2014.09.07"]
[SourceVersion "1"]
[SourceVersionDate "2015.07.30"]
[SourceQuality "1"]

1. e4 e5 2. Nf3 Nc6 3. d4 exd4 4. Nxd4 Bc5 5. Be3 Qf6 6. c3 Nge7 7. Bc4 Ne5 8.
Be2 Qg6 9. O-O d6 10. f3 O-O 11. Kh1 d5 12. Nf5 Nxf5 13. Bxc5 dxe4 14. fxe4 Nd6
15. Bxd6 cxd6 16. Qd4 Bg4 17. Bxg4 Nxg4 18. Nd2 Qh6 19. Nf3 Rfe8 20. Rae1 Re7
21. e5 Nxe5 22. Nxe5 dxe5 23. Rxe5 Rxe5 24. Qxe5 Qc6 25. Qe7 Rf8 26. Rd1 Qb6
27. b3 h6 28. h3 Qc6 29. Qe3 b6 30. c4 Re8 31. Qd3 Qe6 32. Qd7 Qe7 33. b4 Qe2
34. c5 bxc5 35. bxc5 Re7 36. Qa4 Qf2 37. Qb4 Re2 38. Rg1 Rb2 39. Qa5 Rxa2 40.
Qd8+ Kh7 41. Qd3+ g6 42. c6 Rc2 43. Qd7 Rd2 44. Qb7 Rb2 45. Qd7 Rd2 46. Qe8 Rc2
47. Qd7 1/2-1/2

[Event "3. Open Distrito Chamartín 2014"]
[Site "Madrid ESP"]
[Date "2014.09.13"]
[Round "9.7"]
[White "Aziz Ortego, Omar Luis"]
[Black "Beyerholm, Arne"]
[Result "1/2-1/2"]
[WhiteElo "2094"]
[BlackElo "2024"]
[PlyCount "171"]
[EventDate "2014.09.07"]
[EventType "swiss"]
[EventRounds "9"]
[EventCountry "ESP"]
[SourceTitle "Ajedrez en Madrid"]
[Source "lmi"]
[SourceDate "2014.09.07"]
[SourceVersion "1"]
[SourceVersionDate "2015.07.30"]
[SourceQuality "1"]

1. d4 d5 2. e3 Nf6 3. Bd3 e6 4. Nd2 c5 5. c3 Be7 6. f4 b6 7. Nh3 Bb7 8. Qf3 g6
9. O-O Nbd7 10. a4 a5 11. Ng5 Ba6 12. Bxa6 Rxa6 13. e4 dxe4 14. Ndxe4 Nxe4 15.
Nxe4 cxd4 16. cxd4 Nf6 17. Nc3 O-O 18. Nb5 Ra8 19. Be3 Qd5 20. Qe2 Rac8 21.
Rfc1 Qd7 22. Bf2 Nd5 23. g3 Rc6 24. b3 Rfc8 25. Rc4 Bf6 26. Rd1 Nb4 27. Rdc1 h5
28. h3 Nd5 29. Qe4 Nb4 30. Be1 Qd5 31. Qxd5 exd5 32. Rxc6 Rxc6 33. Rxc6 Nxc6
34. Bf2 Kf8 35. Nc7 Nb4 36. Kf1 Ke7 37. Be1 Kd7 38. Bxb4 Kxc7 39. Bc3 Be7 40.
g4 f5 41. Kg2 Kd7 42. Kf3 Ke6 43. Be1 Bf6 44. Bc3 Be7 45. Kg3 Bf6 46. Bb2 Be7
47. Kf3 Kf6 48. Bc1 Ke6 49. Be3 Bf6 50. Bf2 Be7 51. Be1 Bf6 52. gxh5 gxh5 53.
Ke3 Be7 54. Kd3 Kd7 55. Kc2 Kc6 56. Bd2 Bf6 57. Kc3 Bh4 58. b4 axb4+ 59. Kxb4
Bf2 60. Kc3 Kb7 61. Kd3 Ka6 62. Kc3 Bg1 63. Kd3 Bf2 64. Kc3 Bg1 65. Kd3 Bh2 66.
Kc3 Bg3 67. Kb4 Bf2 68. Bc3 Be3 69. a5 Bxf4 70. axb6 Kxb6 71. Be1 Kc6 72. Kc3
Kb5 73. Kd3 Ka4 74. Bh4 Kb3 75. Bf6 Bh6 76. h4 Bf4 77. Be5 Bh6 78. Bf6 Bf4 79.
Be5 Bh6 80. Bf6 Bf4 81. Be5 Bh6 82. Bf6 Bf4 83. Be5 Bh6 84. Bf6 Bf4 85. Be5 Bh6
86. Bf6 1/2-1/2